000 00580nam a2200217Ia 4500
003 OSt
005 20220928135458.0
006 a|||||r|||| 00| 0
007 ta
008 220927b |||||||| |||| 00| 0 eng d
024 _a2468
037 _cTextual
040 _aSDCL
_cSDCL
_beng
041 _2eng
_aeng
082 _aO-,1K08,1:g, K7
100 _aBurden Dennis H
_9490922
245 0 _aLogical epic
_b A study of the argument of paradise lost
260 _c1967
942 _hO-,1K08,1:g, K7
_cTEXL
_2CC
999 _c806279
_d806279